Subjektivizmus pri voľbe zásad bilančnej politiky a jeho vplyv na verejný a pravdivý obraz podniku dizertačná práca

Uložené v:
Podrobná bibliografia
Hlavný autor: Husárová, Stanislava
Korporativný autor: Fakulta hospodárskej informatiky EU. Katedra účtovníctva a audítorstva
Ďalší autori: Tumpach, Miloš, 1970-
Médium: Kniha
Jazyk:Slovak
Vydavateľské údaje: Bratislava 2011
Predmet:
Tagy: Pridať tag
Žiadne tagy, Buďte prvý, kto otaguje tento záznam!

MARC

LEADER 00000nam a2200000 4500
001 0141379
005 20240502072533.9
041 0 |a slo 
044 |a SK 
245 1 0 |a Subjektivizmus pri voľbe zásad bilančnej politiky a jeho vplyv na verejný a pravdivý obraz podniku  |b dizertačná práca  |c Stanislava Husárová ; školiteľ: Miloš Tumpach 
264 1 |a Bratislava  |c 2011 
300 |a 134 s. 
610 2 0 |a politika bilančná 
610 2 0 |a závierka účtovná 
610 2 0 |a štandardy účtovné medzinárodné 
100 1 |a Husárová, Stanislava 
700 1 |a Tumpach, Miloš, 1970- 
710 2 |a Fakulta hospodárskej informatiky EU. Katedra účtovníctva a audítorstva